00869cam a2200265 a 4500999001900000001000800019003000500027005001700032008004100049010001700090020003100107040001800138050002400156082002000180100002400200245004400224250001200268260004500280300005400325600004300379600002400422906004500446942001200491952010000503 c331820d3318202892891NUST20171027121858.0870930s1986 pk acf 000 0beng  a 86931857  cRs15.00 (pbk.)a969416074X aDLCcDLCdDLC00aDS481.I65bA65 198600a954.035092bAHM1 aAhmad, Doris.9569510aIqbal, as I knew him /cby Doris Ahmad. a1st ed. aLahore :bIqbal Academy Pakistan,c1986. a54 p., [7] p. of plates :bill., ports. ;c22 cm.10aIqbal, Muhammad,cSir,d1877-1938.92010aAhmad, Doris.95695 a7bcbccorignewd3encipf19gy-gencatlg 2ddccBK 00102ddc4070aCLbCLcCARTd2017-10-27o928.91439 DORpCL3180r2017-10-27t1w2017-10-27yBK